书目信息 |
| 题名: |
复杂边界条件结构振动及其耦合声场建模分析方法
|
|
| 作者: | 杜敬涛 , 刘志刚 , 李文龙 著 | |
| 分册: | ||
| 出版信息: | 北京 科学出版社 2017.6 |
|
| 页数: | 177页 | |
| 开本: | 24cm | |
| 丛书名: | ||
| 单 册: | ||
| 中图分类: | O327 , O422.2 | |
| 科图分类: | ||
| 主题词: | 边界条件--结构振动--分析方法 , 边界条件--耦合--声场--分析方法 | |
| 电子资源: | ||
| ISBN: | 978-7-03-052961-9 | |
| 000 | 01622nam0 2200313 450 | |
| 001 | 0400003674 | |
| 005 | 20171022113542.0 | |
| 010 | @a978-7-03-052961-9@dCNY88.00 | |
| 100 | @a20170905e2017 em y0chiy50 ea | |
| 101 | 0 | @achi |
| 102 | @aCN@b110000 | |
| 105 | @aa az 000yy | |
| 106 | @ar | |
| 200 | 1 | @a复杂边界条件结构振动及其耦合声场建模分析方法@9fu za bian jie tiao jian jie gou zhen dong ji qi ou he sheng chang jian mo fen xi fang fa@dModeling analysis method for structural vibration and its coupled sound field with complex boundary conditions@f杜敬涛,刘志刚,李文龙著@zeng |
| 210 | @a北京@c科学出版社@d2017.6 | |
| 215 | @a177页@c图@d24cm | |
| 307 | @a实际页数为:178 | |
| 320 | @a有书目 | |
| 330 | @a本书为系统介绍复杂边界条件弹性板结构及其耦合声腔系统特性建模与分析的专业著作。全书共8章,第1章简要介绍弹性板结构及其声腔耦合系统研究领域的现状,第2章介绍弹性边界约束下板结构面内振动分析建模,第3章介绍任意函数刚度分布板结构面内模态分析,第4和第5章为任意边界和耦合条件弹性板结构动力学特性与能量传递分析,第6章介绍基于三维弹性理论任意弹性约束厚板结构振动分析,第7和第8章介绍阻抗壁面边界条件三维声腔特性分析与弹性板-腔耦合系统一般建模分析方法及特性研究。 | |
| 510 | 1 | @aModeling analysis method for structural vibration and its coupled sound field with complex boundary conditions@zeng |
| 606 | 0 | @a边界条件@x结构振动@x分析方法 |
| 606 | 0 | @a边界条件@x耦合@x声场@x分析方法 |
| 690 | @aO327@v5 | |
| 690 | @aO422.2@v5 | |
| 701 | 0 | @a杜敬涛@9du jing tao@4著 |
| 701 | 0 | @a刘志刚@9liu zhi gang@4著 |
| 701 | 0 | @a李文龙@9Li Wen Long@4著 |
| 801 | 0 | @aCN@b91MARC@c20171022 |
| 905 | @b1022935-9@dO327@f5@e20 | |
| 复杂边界条件结构振动及其耦合声场建模分析方法=Modeling analysis method for structural vibration and its coupled sound field with complex boundary conditions/杜敬涛,刘志刚,李文龙著.-北京:科学出版社,2017.6 |
| 177页:图;24cm |
| ISBN 978-7-03-052961-9:CNY88.00 |
| 本书为系统介绍复杂边界条件弹性板结构及其耦合声腔系统特性建模与分析的专业著作。全书共8章,第1章简要介绍弹性板结构及其声腔耦合系统研究领域的现状,第2章介绍弹性边界约束下板结构面内振动分析建模,第3章介绍任意函数刚度分布板结构面内模态分析,第4和第5章为任意边界和耦合条件弹性板结构动力学特性与能量传递分析,第6章介绍基于三维弹性理论任意弹性约束厚板结构振动分析,第7和第8章介绍阻抗壁面边界条件三维声腔特性分析与弹性板-腔耦合系统一般建模分析方法及特性研究。 |
| ● |
| 相关链接 |
|
|
|
|
正题名:复杂边界条件结构振动及其耦合声场建模分析方法
索取号:O327/20
 
预约/预借
| 序号 | 登录号 | 条形码 | 馆藏地/架位号 | 状态 | 备注 |
| 1 | 1022935 | 210229359 | 第二样本阅览室/ [索取号:O327/20] | 在馆 | |
| 2 | 1022936 | 210229368 | 密集书库-数信学院/ [索取号:O327/20] | 在馆 | |
| 3 | 1022937 | 210229377 | 第三借阅区/ [索取号:O327/20] | 在馆 | |
| 4 | 1022938 | 210229386 | 第三借阅区/ [索取号:O327/20] | 在馆 | |
| 5 | 1022939 | 210229395 | 第三借阅区/ [索取号:O327/20] | 在馆 |